Normal view MARC view

Entry Nombre personal

Number of records used in: 2

001 - NÚMERO DE CONTROL

  • campo de control: 155341

003 - IDENTIFICADOR DE NÚMERO DE CONTROL

  • campo de control: SpMaBN

005 - FECHA Y HORA DE LA ÚLTIMA TRANSACCIÓN

  • campo de control: 20240207192159.0

008 - ELEMENTOS DE DATO DE LONGITUD-FIJA

  • campo de control de longitud fija: 050420n| aijnnaabn |a aaa

016 ## - NÚMERO DE CONTROL DE UNA AGENCIA BIBLIOGRÁFICA NACIONAL

  • Número de control del registro: BNE20050733801

024 7# - IDENTIFICADOR DE OTROS ESTÁNDARES

  • Número estándar o código: https://isni.org/isni/0000000108049296
  • Fuente: isni

024 7# - IDENTIFICADOR DE OTROS ESTÁNDARES

  • Número estándar o código: http://viaf.org/viaf/120441892/
  • Fuente: viaf

040 ## - FUENTE DE CATALOGACIÓN

  • Centro catalogador/agencia de origen: SpMaBN
  • Lengua de catalogación: spa
  • Centro/agencia transcriptor: SpMaBN
  • Normas de descripción: rdc
  • Convención/Normas de encabezamiento de materia/tesauro: embne

046 ## - FECHAS CON CODIFICACIÓN ESPECIAL

  • Fecha de nacimiento: 1939

100 1# - ENCABEZAMIENTO-NOMBRE DE PERSONA

  • Nombre de persona: Martínez Sánchez, María José,
  • Fechas asociadas al nombre: 1939-

375 ## - GÉNERO/SEXO

  • Género: Femenino

400 1# - TRAZADO DE VÉASE--NOMBRE DE PERSONA

  • Nombre de persona: Martínez, María José,
  • Fechas asociadas al nombre: 1939-

670 ## - FUENTE DE DATOS ENCONTRADOS

  • Cita de la fuente: La voz que falta, 2010
  • Información encontrada: port. (María José Martínez Sánchez)

670 ## - FUENTE DE DATOS ENCONTRADOS

  • Cita de la fuente: Largo recorrido, 2014
  • Información encontrada: port. (María José Martínez)

670 ## - FUENTE DE DATOS ENCONTRADOS

  • Cita de la fuente: Llamada telefónica a ed. Torremozas, 17-12-2010
  • Información encontrada: (María José Martínez Sánchez; n. el14-1-1939)

670 ## - FUENTE DE DATOS ENCONTRADOS

  • Cita de la fuente: WWW ISBN España, 18-5-2015
  • Información encontrada: (Martínez Sánchez, María José)